1787 1941 1504 1740 1465 1684 1128 1540 1590 1745 1132 1293 1781 1054 1782 1556 1327 1798 1545 1176 1118 1136 1400 1969 1412 1496 1964 1057 1727 1141 1472 1076 1193 1630 1411 1748 1666 1776 1560 1057 1457 1517 1343 1164 1687 1578 1002 1958 1528 1934 1393 1468 1566 1126 1988 1098 1738 1864 1190 1149 1333 1034 1381 1531 1579 1848 1146 1032 1560 1839 1342 1992 1553 1159 1884 1619 1036 1553 1645 1327 1549 1196 1491 1407 1388 1599 1183 1810 1446 1479 1279 1547 1752 1734 1183 1621 1235 1427 1046 BCNSPRNW ULIB Ver.6.0+V

เปลี่ยนเป็นภาษาไทย

Change to English
 แสดงรายละเอียดบรรณานุกรม
  กลับหน้าหลัก

Brief Record : Get Marc (ISO 2709) : E-mail record : QR code < ปิดหน้าต่าง
LEADER : 00000nam 2200000uu 4500
001    13399121795
003     ULIB
008    121207s2550||||th 000 0 tha d
090    นว.^bล472n
245 00 สิ้นเสียงปักษา
260    ^c2550
945    ^p0^l0^i021000
999    ^aใช้งานได้ทุกระบบ
รายการนี้ยังไม่มีแท็ก
คุณยังไม่ได้ล็อกอิน คุณสามารถมีกิจกรรมร่วมกับเว็บไซต์ได้ แต่ต้องล็อกอินก่อน ::
  ล็อกอิน

รายการสื่อสารสนเทศ

ลำดับที่ ประเภท เลขเรียก/บาร์โค้ด สถานที่ สถานะ
1. นวนิยาย
นวนิยาย
นว. ล472n  
  Barcode: 021000
ห้องสมุดวิทยาเขตสวรรค์ประชารักษ์
►นวนิยาย
บนชั้น
  ขอยืม

BibComment


ยังไม่เคยถูกคอมเมนท์

คอมเมนท์ทรัพยากรรายการนี้
  คอมเมนท์: สิ้นเสียงปักษา


 Copyright 2026. Bcnsprnw @Library